01011nam a2200217 a 450000500170000000800410001702000180005805000220007610000190009824500870011726000820020430000270028650000630031352002910037652100090066765000330067665000270070965000150073665000240075170000180077520140311161056.0121012s19uu xx 00 eng d a9781422122969 aHD 53b.G638 2009 aGoffee, Robert aClever :bleading your smartest, most creative people /cRob Goffee, Gareth Jones. aBoston, Mass. ; London :bHarvard Business School Press ; McGraw-Hill,c2009. axxii, 182 p. :c24 cm. aIncludes bibliographical references (p.169-172) and index. aLeading clever people can be enormously challenging, yet doing so effectively is the key to your organization's sustained success. Lively and engaging, this book provides the ideas, practices, and examples you need to create an environment where your most brilliant people can flourish. aBSBA aCreative ability in business aTeams in the workplace aLeadership aEmployee motivation aJones, Gareth